000 00590nam a2200241Ia 4500
008 181129s9999 xx 000 0 und d
020 _a0439160278
050 _bE123 1999
100 _aEarle, Sylvia A.
245 0 _aDive! :
245 0 _bmy adventures in the deep frontier /
245 0 _cby Sylvia A. Earle.
260 _aNew York, NY :
260 _bScholastic,
260 _c1999
300 _a64 pages :
300 _bcolor illustrations ;
300 _c27cm.
500 _a1230L
650 _aDeep diving.
650 _aUnderwater exploration.
700 _aTitle.
999 _c359830
_d359830